=LDR 00000nam 2200000 4500 =001 INLIS000000000053465 =990 ##$$a 02201808047 =005 20240613125530 =990 ##$$a 5202401137 =035 ##$$a 0010-1018000080 =245 1#$$a Buku pintar akuntansi biaya untuk orang awam /$c Hurriyah Badriyah =100 #$$a Hurriyah Badriyah =300 ##$$a 168 hlm. : $b Ilus. ; $c 23 cm =260 ##$$a Jakarta :$b Penerbit HB,$c 2015 =082 ##$$a 657.42 =084 ##$$a 657.42 HUR b =020 ##$$a 602-319-011-1 =650 #4$$a Akuntansi Biaya =008 240613################g##########0#ind## =504 ##$$a Bibliografi : hlm. 167 =990 ##$$a 02201808047 =990 ##$$a 02201808047 =990 ##$$a 11371137